000 00624cam a22002293a 4500
001 27615
003 PGUSA
005 20140828083610.0
008 081225s2008||||xxu|||||s|||||000 | eng d
040 _aPGUSA
_beng
042 _adc
050 4 _aPZ
100 1 _aPhillips, Ethel Calvert
245 1 0 _aChristmas Light
_h[electronic resource] /
_cEthel Calvert Phillips
260 _bProject Gutenberg,
_c2008
506 _aPublic domain in the USA.
516 _aElectronic text
653 _aChristmas stories
830 0 _aProject Gutenberg
_v27615
856 4 0 _uhttp://www.gutenberg.org/ebooks/27615
942 _cEB
999 _c256870
_d256870